All Muppets - Statistics

General Stats
  • This quiz has been taken 165 times
  • The average score is 19 of 38
Answer Stats
Answer % Correct
Kermit the Frog
100%
Miss Piggy
97%
Fozzie Bear
93%
Gonzo
93%
Animal
86%
Beaker
78%
Waldorf
70%
Dr. Teeth
69%
Rizzo the Rat
68%
Rowlf the Dog
68%
Scooter
68%
Statler
66%
Janice
65%
The Swedish Chef
64%
Dr. Bunsen Honeydew
62%
Walter
59%
Pepe the King Prawn
53%
Zoot
53%
Sweetums
51%
Camilla the Chicken
47%
Robin the Frog
47%
Sam Eagle
46%
Floyd Pepper
42%
Lew Zealand
35%
Lips
35%
Link Hogthrob
32%
Bean Bunny
31%
Bobo the Bear
31%
Uncle Deadly
31%
Constantine
28%
Crazy Harry
27%
Beauregard
26%
The Newsman
26%
Clifford
23%
Marvin Suggs
23%
Pops
22%
George the Janitor
12%
Bip Bippadotta
3%
No matching quizzes found
Score Distribution
Percent of People with Each Score
Percentile by Number Answered
Your Score History
You have not taken this quiz